Le genie romain dans la religion, la pensée et l'art / (Record no. 75522)

MARC details
000 -LEADER
campo de control de longitud fija 00557nam a2200181 i 4500
001 - NÚMERO DE CONTROL
campo de control 75522
003 - IDENTIFICADOR DE NÚMERO DE CONTROL
campo de control ES-MaACL
007 - CAMPO FIJO DE DESCRIPCIÓN FÍSICA--INFORMACIÓN GENERAL
campo de control de longitud fija t|
008 - DATOS DE LONGITUD FIJA--INFORMACIÓN GENERAL
campo de control de longitud fija 040924s1969 fr ||||1| fre d
100 1# - ENTRADA PRINCIPAL--NOMBRE DE PERSONA
Nombre de persona Grenier, Albert.
9 (RLIN) 59942
245 13 - MENCIÓN DEL TÍTULO
Título Le genie romain dans la religion, la pensée et l'art /
Mención de responsabilidad, etc. Albert Grenier.
260 ## - PUBLICACIÓN, DISTRIBUCIÓN, ETC.
Lugar de publicación, distribución, etc. [Paris] :
Nombre del editor, distribuidor, etc. Albin Michel,
Fecha de publicación, distribución, etc. [1969]
300 ## - DESCRIPCIÓN FÍSICA
Extensión 506 p. ;
Dimensiones 18 cm.
490 1# - MENCIÓN DE SERIE
Mención de serie évolution de l'humanité ;
Designación de volumen o secuencia 14
830 0# - PUNTO DE ACCESO ADICIONAL DE SERIE-TÍTULO UNIFORME
Título uniforme évolution de l'humanité ;
Designación de volumen o secuencia 14
9 (RLIN) 231256
852 ## - LOCALIZACIÓN
Ubicación ES-MaACL
Número de control de estantería E-5454
Sublocalización o colección R.89825
Holdings
Estatus retirado Estado de pérdida Estado de daño No para préstamo Biblioteca de origen Biblioteca actual Ubicación en estantería Fecha de adquisición Fuente de adquisición Total de préstamos Signatura topográfica completa Código de barras Visto por última vez Precio de reemplazo Tipo de ítem Koha
        Biblioteca del Ateneo de Madrid Biblioteca del Ateneo de Madrid Depósito 2 17/01/2008     E-5454 1079048 23/02/2023 23/02/2023 Libro impreso